[Event "Altea Cap Negret op 50+ 1st"]
[Site "Altea"]
[Date "2023.11.13"]
[Round "2"]
[White "Arkell, Keith C"]
[Black "Vigdal, Per Kristian"]
[Result "1-0"]
[WhiteElo "2362"]
[BlackElo "1856"]
[PlyCount "85"]
[EventDate "2023.11.12"]
[EventType "swiss"]
[EventRounds "8"]
[EventCountry "ESP"]
[SourceTitle "CB49_2023"]
[SourceDate "2023.12.06"]
[SourceVersion "1"]
[SourceVersionDate "2023.12.06"]
[SourceQuality "1"]

1. d4 Nf6 2. Nf3 e6 3. c4 d5 4. cxd5 exd5 5. Nc3 Be7 6. Bg5 c6 7. Qc2 0-0 8. e3 Nbd7 9. Bd3 h6 10. Bh4 Nh5 11. Bxe7 Qxe7 12. 0-0 Nhf6 13. Nh4 Nb6 14. Nf5 Bxf5 15. Bxf5 Nc4 16. Bd3 Nd6 17. Rfe1 Nfe4 18. Bxe4 Nxe4 19. Nxe4 dxe4 20. Rac1 Rfd8 21. Qc5 Qe6 22. Qb4 Rab8 23. Rc5 Re8 24. Rec1 a6 25. a4 Qd7 26. Qc4 Rbd8 27. b4 Qe6 28. Qxe6 Rxe6 29. h3 Rdd6 30. b5 axb5 31. axb5 cxb5 32. Rxb5 b6 33. Rc8+ Kh7 34. Rc7 Kg6 35. g4 f6 36. Kg2 Rc6 37. Rb7 Red6 38. h4 Kh7 39. h5 Kg8 40. Rb2 f5 41. Ra2 fxg4 42. Ra8+ Kh7 43. Rbb8 1-0

[Event "Reykjavik op"]
[Site "Reykjavik"]
[Date "2015.03.14"]
[Round "6"]
[White "Vigdal, Per Kristian"]
[Black "Nilsen, Tobias Lang"]
[Result "0-1"]
[WhiteElo "1985"]
[BlackElo "1761"]
[PlyCount "82"]
[EventDate "2015.03.10"]
[EventType "swiss"]
[EventRounds "10"]
[EventCountry "ISL"]
[SourceTitle "CBM 165 Extra"]
[Source "ChessBase"]
[SourceDate "2015.04.21"]
[SourceVersion "1"]
[SourceVersionDate "2015.04.21"]
[SourceQuality "1"]

1. e4 e6 2. d4 d5 3. e5 c5 4. Qg4 f5 5. Qg3 cxd4 6. Nf3 Nc6 7. Bd3 Bd7 8. 0-0 Nge7 9. c3 dxc3 10. Nxc3 a6 11. Re1 g6 12. h4 Bg7 13. h5 Qc7 14. h6 Bf8 15. Bf4 Qd8 16. Bg5 Qc7 17. Rac1 Ng8 18. Qh4 Be7 19. a3 Bxg5 20. Nxg5 Nge7 21. Nf7 Rf8 22. Nd6+ Kd8 23. f4 Qb6+ 24. Kh1 Na7 25. a4 Nac8 26. a5 Qb4 27. Na2 Qb3 28. Rc3 Qxa2 29. Nxb7+ Ke8 30. Nd6+ Nxd6 31. exd6 Ng8 32. b4 Qd2 33. Rec1 d4 34. Rc7 Qxd3 35. Qe1 Qe3 36. Qd1 Nf6 37. R1c4 Qxf4 38. Rxd4 Qxh6+ 39. Kg1 Qe3+ 40. Kh1 Ng4 41. Rd2 Qg3 0-1

[Event "Reykjavik op"]
[Site "Reykjavik"]
[Date "2015.03.10"]
[Round "1"]
[White "Stopa, Jacek"]
[Black "Vigdal, Per Kristian"]
[Result "1-0"]
[WhiteElo "2544"]
[BlackElo "1985"]
[PlyCount "81"]
[EventDate "2015.03.10"]
[EventType "swiss"]
[EventRounds "10"]
[EventCountry "ISL"]
[SourceTitle "CBM 165 Extra"]
[Source "ChessBase"]
[SourceDate "2015.04.21"]
[SourceVersion "1"]
[SourceVersionDate "2015.04.21"]
[SourceQuality "1"]

1. d4 Nf6 2. c4 e6 3. Nf3 d5 4. Nc3 Nbd7 5. Bf4 c6 6. e3 Be7 7. h3 0-0 8. Qc2 Re8 9. Bd3 Nf8 10. 0-0 Ng6 11. Bh2 Bd6 12. Ne5 Bxe5 13. dxe5 Nd7 14. f4 dxc4 15. Bxc4 Nb6 16. Bb3 Nd5 17. Nd1 Qb6 18. Qe2 Bd7 19. Kh1 a5 20. e4 a4 21. Bc4 Nb4 22. a3 Na6 23. Nc3 Qc7 24. Rad1 Nc5 25. Bg1 Nb3 26. Bxb3 axb3 27. Qc4 f6 28. exf6 gxf6 29. Nb5 Qd8 30. Nd6 Re7 31. Nxb7 Qc7 32. Nc5 Bc8 33. Qxb3 Rb8 34. Qc3 Kf7 35. Bd4 e5 36. fxe5 Nxe5 37. Rf2 h5 38. Rdf1 f5 39. Rxf5+ Bxf5 40. Rxf5+ Kg6 41. Bxe5 1-0

[Event "NOR-ch Class1"]
[Site "Lillehammer"]
[Date "2013.06.29"]
[Round "5"]
[White "Thrana, Svein Arne"]
[Black "Vigdal, Per Kristian"]
[Result "1/2-1/2"]
[WhiteElo "1940"]
[BlackElo "1900"]
[PlyCount "38"]
[EventDate "2013.06.29"]
[EventType "swiss"]
[EventRounds "9"]
[EventCountry "NOR"]
[SourceTitle "EXT 2015"]
[Source "ChessBase"]
[SourceDate "2014.11.20"]
[SourceVersion "1"]
[SourceVersionDate "2014.11.20"]
[SourceQuality "1"]

1. e4 c5 2. Nf3 d6 3. d4 cxd4 4. Nxd4 Nf6 5. Nc3 g6 6. Be3 Bg7 7. f3 0-0 8. Qd2 Nc6 9. g4 Ne5 10. h4 h5 11. gxh5 Nxh5 12. 0-0-0 Bd7 13. Kb1 Rc8 14. Bg5 Qb6 15. Nd5 Nxf3 16. Nxb6 Nxd2+ 17. Rxd2 axb6 18. Ne2 Bc6 19. Bg2 Rfe8 1/2-1/2

[Event "NOR-ch Class1"]
[Site "Sandefjord"]
[Date "2012.07.12"]
[Round "7"]
[White "Aubert, Carsten"]
[Black "Vigdal, Per Kristian"]
[Result "1-0"]
[WhiteElo "1882"]
[BlackElo "1847"]
[PlyCount "33"]
[EventDate "2012.07.07"]
[EventType "swiss"]
[EventRounds "9"]
[EventCountry "NOR"]
[SourceTitle "EXT 2024"]
[Source "ChessBase"]
[SourceDate "2023.10.10"]
[SourceVersion "1"]
[SourceVersionDate "2023.10.10"]
[SourceQuality "1"]

1. d4 Nf6 2. c4 e6 3. Nf3 d5 4. e3 Nbd7 5. Bd3 c6 6. 0-0 Bd6 7. Nc3 e5 8. cxd5 e4 9. dxc6 exd3 10. cxd7+ Bxd7 11. e4 Bb4 12. Qxd3 0-0 13. Bg5 Bxc3 14. bxc3 h6 15. Bh4 Qb6 16. Rab1 Qc6 17. Ne5 1-0